Statistiques concernant Pays les plus proches des Seychelles

Cliquez ici pour prendre le quiz!

Statistiques générales

  • Ce quiz a été pris 64 fois
  • Le résultat moyen est 16 sur 20

Statistiques - réponses

kmpays% Correct
288Madagascar
95%
354Île Maurice
92%
932Kenya
92%
1209Somalie
92%
341Comores
89%
1484Éthiopie
89%
1159Mozambique
89%
1178Tanzanie
89%
2349Inde
85%
2261Érythrée
82%
2279Oman
82%
2125Djibouti
81%
1969Maldives
81%
1790Yémen
81%
2226Ouganda
69%
1741Malawi
68%
2273Rép dém Congo
55%
2099Zimbabwe
55%
1915Zambie
53%
351France (Mayotte)
50%

Distribution des résultats

Percentile par nombre de réponses

% des personnes avec chaque résultat

Votre développement - résultats

Vous n’avez pas pris ce quiz